Statistiche per Ricostruisci la Carriera del Calciatore - Didier Deschamps

Clicka qui per fare il quiz!

Statistiche generali

  • Questo quiz è stato fatto 5 volte
  • Il punteggio medio è 4 su 7

Statistiche sulle risposte

HintRisposta% Corretto
1990-1991Bordeaux
100%
1999-2000 Chelsea
100%
1994-1999 Juventus
100%
1986-1989 Nantes
50%
2000-2001 Valencia
50%
1989-1990 Olympique Marsiglia
0%
1991-1994 Olympique Marsiglia
0%

Distribuzione punteggi

Percentile per numero di risposta

Percentuale di utenti per punteggio

I tuoi punteggi nel tempo

Non hai fatto questo quiz